00859nam a22002177a 4500003000400000005001700004008004100021020001500062040002800077082002900105100008300134245021600217250001200433260005100445300001600496365001800512650004400530650001900574650002100593700002700614OSt20241028151650.0241028b |||||||| |||| 00| 0 sp d a9977303045 acunsurocbespcanadana 21a. ed.a301.53 S471mb1 aSeminario Taller Multiculturalismo y Macrointegración Regional/CSUCA /UNESCO aAnálisis comparativo de la experiencia de integración europea y Centroamericanab1:1996:Coronado, San José, MemoriacSeminario Taller Multiculturalismo y Macrointegración Regional/CSUCA /UNESCOhFísico a1a. ed. aSan José, costa Rica:bEDUCA, CSUSA,c1997. a140p. 21cm. b1d60.00jcr. 2Cultura - Congresos, Conferencias, etc. 2Aculturación 2Valores sociales aOberlin, Dante, comp.